000 00806 a2200217 4500
010 _aENG-85769
020 _a8125919821
_c195.00
035 _aEN-69302
037 _bD.B.Act / VEN
082 1 4 _a657.42
090 _c3477
_d3477
100 1 _aTulsian, P.C.
245 2 _aCosting
_ba self-study textbook
_cP C Tulsian
260 _aNew Delhi
_bVikas Publishing House
_c2006
260 _aNew Delhi
_bUBS Publishers' Distributors
_c2006
270 _a576, Masjid Road, Jangpura
_bNew Delhi
_cDelhi
_e110 014
_k24376605, 24375313
_l24370879
_mvikaspublishing.com
270 _a5, Ansari Road
_bNew Delhi
_cDelhi
_e110 002
_k23273601
300 _aviii, various pagings
_c24cm. (pbk)
942 _adpl
_cEN
_k657.42 / TUL
999 _c3410
_d3410